Estadística (Registro nro. 1296)
[ vista simple ]
| 000 -LEADER | |
|---|---|
| fixed length control field | 01301 a2200193 4500 |
| 001 - CONTROL NUMBER | |
| control field | 25185 |
| 005 - DATE AND TIME OF LATEST TRANSACTION | |
| control field | 20260407155535.0 |
| 008 - FIXED-LENGTH DATA ELEMENTS--GENERAL INFORMATION | |
| fixed length control field | 260407a1962 arg spa d |
| 003 - CONTROL NUMBER IDENTIFIER | |
| control field | AR-UNSa-BCEJYS |
| 040 ## - CATALOGING SOURCE | |
| Original cataloging agency | AR-UNSa-BCEJYS |
| Language of cataloging | spa |
| Transcribing agency | AR-UNSa-BCEJYS |
| 080 ## - UNIVERSAL DECIMAL CLASSIFICATION NUMBER | |
| Universal Decimal Classification number | 519.22 |
| Common auxiliary subdivision | Teoría estadística. Modelos estadísticos. Estadística matemática en general<br/> |
| 100 1# - MAIN ENTRY--PERSONAL NAME | |
| Personal name | Toranzos, Fausto I. |
| 245 10 - TITLE STATEMENT | |
| Title | Estadística |
| 264 #1 - PRODUCTION, PUBLICATION, DISTRIBUTION, MANUFACTURE, AND COPYRIGHT NOTICE | |
| Place of production, publication, distribution, manufacture | Buenos Aires : |
| Name of producer, publisher, distributor, manufacturer | Kapelusz |
| Date of production, publication, distribution, manufacture, or copyright notice | 1962 |
| 300 ## - PHYSICAL DESCRIPTION | |
| Extent | 373 p. |
| Dimensions | 23 cm. |
| 505 ## - FORMATTED CONTENTS NOTE | |
| Formatted contents note | 1. Introducción a la estadística - 2. Probabilidades - 3. Variable aleatoria - 4. Pruebas repetidas - 5. La función normal y otras distribuciones - 6. Relevamiento y compilación de datos - 7. Representaciones gráficas - 8. Ajuste e interpolación - 9. Series de frecuencias - 10. Análisis de una serie frecuencias - 11. Series de frecuencia: concentración - 12. Análisis de series cronológicas - 13. Series cronológicas (continuación) - 14. Números índices - 15. Regresión y correlación - 16. Regresión y correlación (complementos) - 17. Teoría de atributos cualitativos - 18. Nociones sobre la teoría de las muestras - 19. Teoría de las muestras (continuación) - 20. Aplicaciones de la teoría de las muestras<br/> |
| 590 ## - LOCAL NOTE (RLIN) | |
| Local note | niveau_biblio:m niveau_hierar:0 |
| 942 ## - ADDED ENTRY ELEMENTS (KOHA) | |
| Koha item type | |
| Withdrawn status | Lost status | Damaged status | Not for loan | Home library | Current library | Shelving location | Date acquired | Total checkouts | Full call number | Barcode | Date last seen | Price effective from | Koha item type |
|---|---|---|---|---|---|---|---|---|---|---|---|---|---|
| Biblioteca Prof. Eusebio Cleto del Rey | Biblioteca Prof. Eusebio Cleto del Rey | 07/04/2026 | 519.22 T676 | L20640 | 07/04/2026 | 07/04/2026 | Libro | ||||||
| Biblioteca Prof. Eusebio Cleto del Rey | Biblioteca Prof. Eusebio Cleto del Rey | 07/04/2026 | 519.22 T676 | L20925 | 07/04/2026 | 07/04/2026 | Libro |